书目信息 |
| 题名: |
告密者
|
|
| 作者: | 墨白 著 | |
| 分册: | ||
| 出版信息: | 郑州 河南文艺出版社 2018 |
|
| 页数: | 455页 | |
| 开本: | 19cm | |
| 丛书名: | ||
| 单 册: | ||
| 中图分类: | I247.57 | |
| 科图分类: | ||
| 主题词: | 中篇小说--小说集--中国--当代 | |
| 电子资源: | ||
| ISBN: | 978-7-5559-0516-5 | |
| 000 | 00600nam0 2200229 450 | |
| 001 | 009543451 | |
| 005 | 20181129233717.0 | |
| 010 | @a978-7-5559-0516-5@b精装@dCNY52.00 | |
| 100 | @a20181129d2018 em y0chiy0120 ea | |
| 101 | 0 | @achi |
| 102 | @aCN@b410000 | |
| 105 | @ay z 000ay | |
| 106 | @ar | |
| 200 | 1 | @a告密者@9gao mi zhe@f墨白著 |
| 210 | @a郑州@c河南文艺出版社@d2018 | |
| 215 | @a455页@d19cm | |
| 586 | @a | |
| 606 | 0 | @a中篇小说@x小说集@y中国@z当代 |
| 690 | @aI247.57@v5 | |
| 701 | 0 | @a墨白@9mo bai@f(1956-)@4著 |
| 801 | 0 | @aCN@c20181129 |
| 905 | @dI247.57@eM901@f1@sI247.57/M901@S@Z | |
| 告密者/墨白著.-郑州:河南文艺出版社,2018 |
| 455页;19cm |
| ISBN 978-7-5559-0516-5(精装):CNY52.00 |
| ● |
| 相关链接 |
|
|
|
正题名:告密者
索取号:I247.57/M901
 
预约/预借
| 序号 | 登录号 | 条形码 | 馆藏地/架位号 | 状态 | 备注 |
| 1 | 21620634 | 216206344 | 文学库108/ [索取号:I247.57/M901] | 在馆 |